[Event "Ä11Ï"]
[Site "Loo"]
[Date "2017.04.28"]
[Round "9.3"]
[White "Êàëàíäèÿ, Ýêà."]
[Black "Ìàòâååâà, Êñåíèÿ."]
[Result "1-0"]
[WhiteElo "1184"]
[BlackElo "1292"]
[PlyCount "53"]
[EventDate "2017.04.20"]

1. e4 c6 2. d4 d5 3. Nd2 dxe4 4. Nxe4 Nd7 5. Bc4 Ngf6 6. Ng5 e6 7. Qe2 Nb6 8.
Bd3 Qxd4 9. N1f3 Qd8 10. Ne5 Qd5 11. f3 Bc5 12. Nexf7 O-O 13. Ne5 Bd4 14. Nc4
Nxc4 15. Bxc4 Qd6 16. c3 Be5 17. g3 Bxg3+ 18. hxg3 Qxg3+ 19. Kf1 h6 20. Rh3 Qd6
21. Bxe6+ Bxe6 22. Qxe6+ Qxe6 23. Nxe6 Rf7 24. Nd4 Ne4 25. Kg2 Ng5 26. Bxg5
hxg5 27. Rg3 {äàëåå çàïèñü íåðàçáîð~~èâà} 1-0

[Event "Ä11Ï"]
[Site "Loo"]
[Date "2017.04.28"]
[Round "9.4"]
[White "Ãëóøêîâà, Ìèëàíà."]
[Black "Åëüíèêîâà, Ìèëåíà."]
[Result "0-1"]
[WhiteElo "1231"]
[BlackElo "1134"]
[PlyCount "74"]
[EventDate "2017.04.20"]

1. e4 e6 2. d4 d5 3. e5 c5 4. c3 Qb6 5. Nf3 Nc6 6. a3 c4 7. Be2 Bd7 8. Nbd2 Na5
9. O-O O-O-O 10. Ng5 Nh6 11. Rb1 Be7 12. Ngf3 Nf5 13. b4 Nc6 14. a4 g5 15. a5
Qc7 16. Ra1 a6 17. b5 axb5 18. a6 bxa6 19. Rxa6 Qb7 20. Ra2 Kc7 21. Ne1 Ra8 22.
Qc2 Nfxd4 23. cxd4 Nxd4 24. Qd1 Nxe2+ 25. Qxe2 Rxa2 26. Qf3 Rf8 27. Qh5 b4 28.
Qxh7 b3 29. Qb1 Rfa8 30. Bb2 Bb4 31. Qc1 Rxb2 32. Qxb2 Ra2 33. Qd4 Rxd2 34. Qg4
b2 35. Nf3 Rc2 36. Qxg5 Ba3 37. h3 b1=Q 0-1

[Event "Ä11Ï"]
[Site "Loo"]
[Date "2017.04.28"]
[Round "9.5"]
[White "Âîë÷êîâà, Àëåíà."]
[Black "Ðèÿíîâà, Ðàëèíà."]
[Result "1-0"]
[WhiteElo "1207"]
[BlackElo "1165"]
[PlyCount "73"]
[EventDate "2017.04.20"]

1. d4 d5 2. c4 c6 3. cxd5 cxd5 4. Nf3 Nf6 5. Bf4 Bf5 6. Qb3 Qd7 7. Nc3 Nc6 8.
e3 a6 9. Ne5 Qc8 10. Nxd5 Be6 11. Nxf6+ exf6 12. Nc4 b5 13. Nd6+ Bxd6 14. d5
Na5 15. Qd3 Bxf4 16. exf4 Bf5 17. Qe3+ Kf8 18. Qa3+ Kg8 19. Qxa5 Qd7 20. Qd2 h6
21. Be2 Kh7 22. O-O Rhe8 23. Rac1 Kg8 24. Bf3 Rad8 25. Rfd1 Bg4 26. Bxg4 Qxg4
27. f3 Qh5 28. d6 f5 29. Re1 Re6 30. Rxe6 fxe6 31. d7 Qf7 32. Rc8 Qf8 33. Qc3
Kf7 34. Qc7 Ke7 35. Qc5+ Kxd7 36. Qc7+ Ke8 37. Rxd8# 1-0

[Event "Ä11Ï"]
[Site "Loo"]
[Date "2017.04.28"]
[Round "9.6"]
[White "Óçèíöåâà, Äàðüÿ."]
[Black "Çèìîâà, Åêàòåðèíà."]
[Result "1-0"]
[WhiteElo "1291"]
[BlackElo "1376"]
[PlyCount "93"]
[EventDate "2017.04.20"]

1. d4 d5 2. c4 c6 3. Nf3 Nf6 4. Nc3 e6 5. Bg5 Nbd7 6. cxd5 exd5 7. e3 Qa5 8.
Bxf6 Nxf6 9. Nd2 Bb4 10. Qc1 O-O 11. Bd3 Be6 12. a3 Bxc3 13. Qxc3 Qc7 14. O-O
Rac8 15. Rac1 Rfe8 16. Qc2 h6 17. Nf3 b6 18. Ba6 Rb8 19. Qxc6 Qxc6 20. Rxc6 Re7
21. Bd3 a5 22. b3 Ne4 23. Rfc1 Rbb7 24. h3 b5 25. Ne5 Kf8 26. f3 Nd2 27. Bc2
Rec7 28. Bd1 Rxc6 29. Rxc6 a4 30. bxa4 bxa4 31. Bxa4 Ra7 32. Bb5 Rxa3 33. Bd3
Ke7 34. Ra6 Rc3 35. Kf2 f6 36. Ng6+ Kf7 37. Nf4 Bc8 38. Ra7+ Ke8 39. Rxg7 Kf8
40. Ra7 Ke8 41. Ke2 Nc4 42. Nxd5 Rc1 43. Bxc4 Rxc4 44. Nxf6+ Kf8 45. Kd2 Rc6
46. Nd7+ Bxd7 47. Rxd7 1-0

[Event "Ä11Ï"]
[Site "Loo"]
[Date "2017.04.28"]
[Round "9.7"]
[White "Æàïîâà, ßíà."]
[Black "×èñòÿêîâà, Âåðîíèêà."]
[Result "1-0"]
[WhiteElo "1316"]
[BlackElo "1116"]
[PlyCount "49"]
[EventDate "2017.04.20"]

1. e4 e5 2. Nf3 Nc6 3. Bb5 a6 4. Bxc6 dxc6 5. Nc3 Bd6 6. d4 exd4 7. Qxd4 f6 8.
Be3 Bg4 9. O-O-O Bxf3 10. gxf3 Be5 11. Qc4 Qe7 12. Bc5 Bd6 13. Bxd6 cxd6 14.
Rhg1 O-O-O 15. f4 Nh6 16. Nd5 Qf8 17. Nb4 g6 18. Nxc6 bxc6 19. Qxc6+ Kb8 20.
Rd3 Qe7 21. Rb3+ Ka7 22. Qb6+ Ka8 23. Qxa6+ Qa7 24. Qc6+ Qb7 25. Qxb7# 1-0

[Event "Ä11Ï"]
[Site "Loo"]
[Date "2017.04.28"]
[Round "9.8"]
[White "Êóëèø, Ãëàôèðà."]
[Black "Íîâîñåëîâà, Ñâåòëàíà."]
[Result "0-1"]
[WhiteElo "1195"]
[BlackElo "1229"]
[PlyCount "50"]
[EventDate "2017.04.20"]

1. e4 c5 2. Nc3 Nc6 3. f4 g6 4. Nf3 Bg7 5. Bc4 e6 6. O-O Nge7 7. d3 O-O 8. Qe1
Nd4 9. Qh4 Nxc2 10. Rb1 Nc6 11. Qh3 d5 12. Bb3 N2d4 13. f5 exf5 14. Nxd4 Bxd4+
15. Kh1 fxe4 16. Qg3 exd3 17. Bxd5 Ne7 18. Bg5 Qd7 19. Bb3 Bg7 20. Rbd1 Nc6 21.
Rxd3 Qg4 22. Qe3 c4 23. h3 Qe6 24. Qxe6 Bxe6 25. Re3 cxb3 0-1

[Event "Ä11Ï"]
[Site "Loo"]
[Date "2017.04.28"]
[Round "9.9"]
[White "Òåëåëþõèíà, Åëèçàâåòà."]
[Black "Çàãðåáèíà, Ìàðèíà."]
[Result "1-0"]
[WhiteElo "1214"]
[BlackElo "1214"]
[PlyCount "113"]
[EventDate "2017.04.20"]

1. e4 c6 2. Nc3 d5 3. Qe2 d4 4. Nd1 b6 5. d3 e5 6. f4 f6 7. Nf2 Bb4+ 8. Bd2
Bxd2+ 9. Qxd2 Be6 10. g3 Nd7 11. Bg2 Rc8 12. Nf3 c5 13. fxe5 Nxe5 14. Nxe5 fxe5
15. Bh3 Bxh3 16. Nxh3 Nf6 17. Nf2 h6 18. O-O O-O 19. c3 dxc3 20. Qxc3 Qd4 21.
Qxd4 cxd4 22. Rac1 Rc5 23. Rxc5 bxc5 24. Rc1 Nd7 25. b3 Kf7 26. Kg2 Ke6 27. Rc4
Kd6 28. Ra4 Ra8 29. Nd1 Nb6 30. Ra5 Kc6 31. Nb2 Kd6 32. Nc4+ Nxc4 33. bxc4 a6
34. Ra3 a5 35. Rb3 Kc6 36. a4 Ra6 37. Rb5 Rb6 38. Rxa5 Rb3 39. Ra6+ Kb7 40. Re6
Rxd3 41. Rxe5 Rc3 42. Rxc5 Re3 43. Rd5 Rxe4 44. a5 d3 45. Rxd3 Rxc4 46. Rd7+
Rc7 47. Rxc7+ Kxc7 48. Kf3 Kb7 49. Kf4 Ka6 50. Kf5 Kxa5 51. Kg6 Kb6 52. Kxg7
Kc6 53. Kxh6 Kd7 54. Kg7 Ke7 55. h4 Ke6 56. h5 Ke7 57. h6 1-0

[Event "Ä11Ï"]
[Site "Loo"]
[Date "2017.04.28"]
[Round "9.10"]
[White "Ñèòíîâà, Ìàðãàðèòà."]
[Black "Êîæåâíèêîâà, Àëåíà."]
[Result "1/2-1/2"]
[WhiteElo "1118"]
[BlackElo "1422"]
[PlyCount "86"]
[EventDate "2017.04.20"]

1. e4 e6 2. d4 d5 3. Nc3 Nf6 4. e5 Nfd7 5. Nf3 Nc6 6. Bg5 Be7 7. Bxe7 Qxe7 8.
Bd3 O-O 9. O-O a6 10. Qd2 h6 11. Qf4 Nb4 12. Ne2 Nxd3 13. cxd3 f6 14. Qg3 fxe5
15. dxe5 Qf7 16. h3 Nc5 17. Rfd1 b6 18. Nh2 Nd7 19. Ng4 Kh7 20. d4 a5 21. Rd3
Ba6 22. Rf3 Qe7 23. Rxf8 Rxf8 24. Re1 Qg5 25. f4 Qf5 26. Nc3 b5 27. Nd1 Qxf4
28. Qh4 Qxd4+ 29. Kh1 Qf4 30. Qe7 Qf7 31. Qa3 a4 32. Qd3+ Qf5 33. Qg3 h5 34.
Qh4 Kg8 35. Nge3 Qf7 36. Rf1 Qg6 37. Rxf8+ Kxf8 38. Nf2 Nxe5 39. Qd8+ Qe8 40.
Qxc7 Nf7 41. Qc5+ Qe7 42. Qb6 Qd6 43. Qd4 b4 1/2-1/2

[Event "Ä11Ï"]
[Site "Loo"]
[Date "2017.04.28"]
[Round "9.11"]
[White "Íàãàåâà, Àëèÿ."]
[Black "Øàòêîâñêàÿ, Åëèçàâåòà."]
[Result "1-0"]
[WhiteElo "1269"]
[BlackElo "1183"]
[PlyCount "53"]
[EventDate "2017.04.20"]

1. d4 d5 2. Bf4 Nf6 3. Nf3 c5 4. e3 e6 5. c3 Nc6 6. Bd3 Bd6 7. Ne5 Qc7 8. Nxc6
Qxc6 9. Bg3 O-O 10. Nd2 Qc7 11. Nf3 h6 12. Bxd6 Qxd6 13. Ne5 Nd7 14. f4 Nxe5
15. fxe5 Qe7 16. Qh5 Bd7 17. O-O Be8 18. Qg4 c4 19. Bc2 f5 20. exf6 Rxf6 21.
Rxf6 Qxf6 22. Rf1 Qe7 23. e4 Bd7 24. exd5 exd5 25. Qg6 Qe3+ 26. Kh1 Bf5 27.
Qxf5 1-0

[Event "Ä11Ï"]
[Site "Loo"]
[Date "2017.04.28"]
[Round "9.13"]
[White "Öàð¸âà, Àëåêñàíäðà."]
[Black "Åôèìîâà, Äàðüÿ."]
[Result "0-1"]
[WhiteElo "1212"]
[BlackElo "1199"]
[PlyCount "48"]
[EventDate "2017.04.20"]

1. e4 e5 2. Nf3 Nc6 3. d4 exd4 4. Nxd4 Bc5 5. Nxc6 Qf6 6. Qf3 Qxc6 7. Nc3 Nf6
8. e5 Qe6 9. Bf4 Ng4 10. Bg3 O-O 11. O-O-O Nxe5 12. Bxe5 Qxe5 13. Bc4 Qg5+ 14.
Kb1 c6 15. Ne4 Qe5 16. Rhe1 Bb6 17. Nd6 Qf6 18. Qe2 Ba5 19. c3 Bc7 20. Nxf7 d5
21. Ne5 Bxe5 22. Qxe5 Qxe5 23. Rxe5 dxc4 24. Re7 Rxf2 0-1

[Event "Ä11Ï"]
[Site "Loo"]
[Date "2017.04.28"]
[Round "9.14"]
[White "Ëåãêèõ, Àðèíà."]
[Black "Ñìèðíîâà, Àë¸íà."]
[Result "0-1"]
[WhiteElo "1202"]
[BlackElo "1187"]
[PlyCount "74"]
[EventDate "2017.04.20"]

1. e4 c5 2. Nf3 Nc6 3. d4 cxd4 4. Nxd4 e6 5. Nc3 d6 6. Bc4 Nf6 7. O-O Be7 8.
Be3 O-O 9. f4 Nxd4 10. Bxd4 a6 11. Qd2 b5 12. Bd3 Bb7 13. a3 Qc7 14. Rf3 d5 15.
exd5 Nxd5 16. Nxd5 Bxd5 17. Rh3 h6 18. Qe3 Bd6 19. Qg3 f6 20. Qg6 Bxf4 21. Be3
Bxe3+ 22. Rxe3 f5 23. Rae1 Qf7 24. Qxf7+ Rxf7 25. Be2 Re7 26. Bh5 Kh7 27. Rg3
g5 28. Bf3 Bxf3 29. Rxf3 Kg6 30. b3 Rc8 31. Rc1 Rec7 32. Re3 Rc6 33. Re2 Kf6
34. Kf2 e5 35. Rd2 Ke6 36. Ke2 e4 37. Kf2 f4 {äàëåå çàïèñü íåðàçáîð~~èâà} 0-1

[Event "Ä11Ï"]
[Site "Loo"]
[Date "2017.04.28"]
[Round "9.15"]
[White "Øåíêåð, Àíãåëèíà."]
[Black "Êîðíåâà, Ïîëèíà."]
[Result "0-1"]
[WhiteElo "1151"]
[BlackElo "1270"]
[PlyCount "104"]
[EventDate "2017.04.20"]

1. d4 d5 2. c4 e6 3. Nc3 Nf6 4. Bg5 Nbd7 5. e3 c6 6. a3 Be7 7. Nf3 O-O 8. Bd3
dxc4 9. Bxc4 Nb6 10. Bd3 h6 11. Bh4 Nbd5 12. Qc2 Bd7 13. O-O Nxc3 14. bxc3 Nd5
15. Bxe7 Qxe7 16. c4 Nf6 17. Ne5 Rfd8 18. Rfb1 Rab8 19. a4 c5 20. a5 cxd4 21.
exd4 Be8 22. Rd1 Kh8 23. Be4 Nxe4 24. Qxe4 f5 25. Qf4 g5 26. Qg3 Kh7 27. f4 Bh5
28. Rd3 Rg8 29. Qh3 Bf7 30. Rf1 gxf4 31. Rxf4 Rbf8 32. Rh4 Qg5 33. Rg3 Qc1+ 34.
Kf2 Qd2+ 35. Kf1 Qd1+ 36. Kf2 Qd2+ 37. Kf1 Qd1+ 38. Kf2 Qd2+ 39. Kf3 Qd1+ 40.
Kf2 Qd2+ 41. Kf1 Rxg3 42. hxg3 Be8 43. Nf3 Qe3 44. Rf4 Ba4 45. d5 exd5 46. Rxf5
Bd7 47. Re5 Qxe5 48. Qxd7+ Qg7 49. Qxg7+ Kxg7 50. cxd5 Rd8 51. a6 bxa6 52. g4
Rxd5 0-1

[Event "Ä11Ï"]
[Site "Loo"]
[Date "2017.04.28"]
[Round "9.17"]
[White "ßêèìîâà, Çëàòà."]
[Black "Àáðàìîâà, Ñîôèÿ."]
[Result "0-1"]
[WhiteElo "1259"]
[BlackElo "1117"]
[PlyCount "72"]
[EventDate "2017.04.20"]

1. d4 d5 2. c4 e6 3. Nf3 Nf6 4. g3 Be7 5. Bg2 Nbd7 6. O-O O-O 7. Qc2 b6 8. cxd5
Nxd5 9. e4 N5f6 10. Nc3 Bb7 11. Re1 c5 12. Bf4 cxd4 13. e5 dxc3 14. exf6 Bxf6
15. bxc3 Rc8 16. Bd2 h6 17. Qd3 Nc5 18. Qc2 Qd3 19. Qxd3 Nxd3 20. Re3 Nc5 21.
Rc1 Rfd8 22. Rc2 Ne4 23. Ne1 Nxd2 24. Bxb7 Rc7 25. Ba6 Nc4 26. Re4 Na3 27. Rb2
Rxc3 28. Rbb4 Nc2 29. Nxc2 Rxc2 30. Rec4 Rxa2 31. Bb7 Rd1+ 32. Kg2 Rdd2 33. Rf4
Be5 34. Rf3 Bd4 35. Kh3 Bxf2 36. Rc4 Bc5 0-1

[Event "Ä11Ï"]
[Site "Loo"]
[Date "2017.04.28"]
[Round "9.18"]
[White "Õóñíååâà, Àëèíà."]
[Black "Áîäðûõ, Ìàéÿ."]
[Result "1/2-1/2"]
[WhiteElo "1238"]
[BlackElo "1132"]
[PlyCount "66"]
[EventDate "2017.04.20"]

1. e4 e5 2. Nf3 d6 3. d4 exd4 4. Nxd4 Nf6 5. Nc3 g6 6. Bg5 Bg7 7. Qd2 O-O 8.
O-O-O Re8 9. f3 Nc6 10. Nce2 Nxd4 11. Nxd4 Be6 12. Kb1 c5 13. Nb5 Qb6 14. Bh6
Bh8 15. Be2 c4 16. Nd4 Rac8 17. c3 a5 18. h4 a4 19. a3 Nh5 20. g4 Bxd4 21. Qxd4
Qxd4 22. Rxd4 Ng3 23. Re1 Nxe2 24. Rxe2 Red8 25. Red2 Rc5 26. Rxd6 Rxd6 27.
Rxd6 Rc8 28. Rb6 Rb8 29. Rd6 Rc8 30. Rb6 Rb8 31. Rd6 Rc8 32. Rb6 Rb8 33. Rd6
Rc8 1/2-1/2

[Event "Ä11Ï"]
[Site "Loo"]
[Date "2017.04.28"]
[Round "9.20"]
[White "Ëåêî, Îëüãà."]
[Black "Êó÷èíà, Àëåêñàíäðà."]
[Result "1-0"]
[WhiteElo "1229"]
[BlackElo "1004"]
[PlyCount "45"]
[EventDate "2017.04.20"]

1. d4 d5 2. Nf3 Nf6 3. e3 e6 4. Bd3 Be7 5. Nbd2 c5 6. b3 Nc6 7. a3 b6 8. Bb2
Bb7 9. O-O O-O 10. Ne5 Rc8 11. f4 cxd4 12. exd4 Qd6 13. Rf3 h6 14. Qe2 Qc7 15.
Rg3 Bd6 16. Qe3 Nh5 17. Rh3 Nf6 18. f5 Rfe8 19. fxe6 fxe6 20. Rf1 Qe7 21. Rg3
Kh8 22. Ng6+ Kg8 23. Nxe7+ 1-0

[Event "Ä11Ï"]
[Site "Loo"]
[Date "2017.04.28"]
[Round "9.21"]
[White "Êóäðÿâöåâà, Ìàðèÿ."]
[Black "Íîâèêîâà, Äàðüÿ."]
[Result "0-1"]
[WhiteElo "1216"]
[BlackElo "1117"]
[PlyCount "114"]
[EventDate "2017.04.20"]

1. d4 d5 2. Nf3 Nf6 3. Bg5 Nbd7 4. e3 e6 5. Bd3 c5 6. O-O b6 7. c4 Bb7 8. Nc3
Bd6 9. Rc1 O-O 10. Bb1 Rc8 11. cxd5 exd5 12. Qd3 c4 13. Qc2 Be7 14. Ne5 Ne4 15.
Bxe7 Qxe7 16. f3 Nef6 17. Nxd7 Qxd7 18. Rce1 g6 19. Qf2 Rfe8 20. Bc2 Kg7 21.
Qg3 Qc7 22. Qxc7 Rxc7 23. Nb5 Rce7 24. Nd6 Rd8 25. Nxb7 Rxb7 26. Rf2 Re7 27.
Rfe2 Rd6 28. Kf2 b5 29. a3 a5 30. Ra1 b4 31. a4 b3 32. Bd1 Nd7 33. Rd2 Rde6 34.
Re2 f5 35. g3 Nb8 36. h4 Nc6 37. Re1 Nxd4 38. Rc1 Nc6 39. e4 fxe4 40. fxe4 Rxe4
41. Rxe4 Rxe4 42. Bf3 Rd4 43. Ke3 Kf6 44. Ke2 Nb4 45. Ke3 Nc2+ 46. Ke2 Ke5 47.
Kf2 Rd2+ 48. Kg1 d4 49. Bd1 Ne3 50. Bf3 Rxb2 51. Re1 Kd6 52. Rc1 d3 53. Re1 d2
54. Rxe3 Rb1+ 55. Kh2 d1=Q 56. Bxd1 Rxd1 57. Kh3 b2 0-1

[Event "Ä11Ï"]
[Site "Loo"]
[Date "2017.04.28"]
[Round "9.22"]
[White "Ïåòðîâà, Âàðâàðà."]
[Black "Ïóòèíöåâà, Ìàðèíà."]
[Result "1-0"]
[WhiteElo "1210"]
[BlackElo "1087"]
[PlyCount "51"]
[EventDate "2017.04.20"]

1. e4 c5 2. b3 e6 3. Nf3 d5 4. exd5 exd5 5. Bb5+ Nc6 6. Qe2+ Be7 7. Bb2 Nf6 8.
Bxc6+ bxc6 9. Bxf6 gxf6 10. Nc3 Be6 11. h3 Qc7 12. g3 Kd7 13. O-O-O a5 14. d4
c4 15. Kb2 Rhb8 16. Na4 cxb3 17. axb3 c5 18. dxc5 Bxc5 19. c4 Kc6 20. cxd5+
Bxd5 21. Rxd5 Kxd5 22. Qc4+ Kd6 23. Rd1+ Ke7 24. Nxc5 Ke8 25. Rd7 Qc6 26. Qxf7#
1-0

[Event "Ä11Ï"]
[Site "Loo"]
[Date "2017.04.28"]
[Round "9.23"]
[White "Äàðìàåâà, Íîìèíà."]
[Black "Áàðîáèíà, Èðèíà."]
[Result "1-0"]
[WhiteElo "1047"]
[BlackElo "1205"]
[PlyCount "87"]
[EventDate "2017.04.20"]

1. e4 c5 2. Nf3 Nc6 3. d4 cxd4 4. Nxd4 g6 5. Nc3 Bg7 6. Be3 Nf6 7. f3 O-O 8. g4
d5 9. g5 Nd7 10. exd5 Nxd4 11. Bxd4 e6 12. Bxg7 Kxg7 13. dxe6 fxe6 14. h4 Ne5
15. Qxd8 Rxd8 16. f4 Nf3+ 17. Kf2 Nd2 18. Bd3 b6 19. Rhd1 Rf8 20. Ke3 e5 21.
Kxd2 Rxf4 22. Rh1 Bb7 23. Rh2 Rd8 24. Ke3 Rf3+ 25. Ke2 Rdf8 26. Kd2 R3f4 27.
Re1 Re8 28. Rf1 Rd4 29. Kc1 e4 30. Bb5 Re5 31. Rd1 Rxd1+ 32. Kxd1 a6 33. Bc4 b5
34. Bb3 a5 35. a3 a4 36. Ba2 e3 37. Ke2 Ba6 38. Ke1 h6 39. gxh6+ Kxh6 40. Rh3
g5 41. Nd5 e2 42. hxg5+ Kxg5 43. Re3 Rxe3 44. Nxe3 1-0

[Event "Ä11Ï"]
[Site "Loo"]
[Date "2017.04.28"]
[Round "9.24"]
[White "Ãîí÷àðîâà, Ñîôèÿ."]
[Black "Ñàââèíà, Ðåãèíà."]
[Result "0-1"]
[WhiteElo "1034"]
[BlackElo "1392"]
[PlyCount "55"]
[EventDate "2017.04.20"]

1. e4 e5 2. Nf3 Nc6 3. Bb5 a6 4. Bxc6 dxc6 5. O-O Bg4 6. h3 h5 7. c3 Qf6 8. d4
Bd6 9. Bg5 Bxf3 10. Bxf6 Bxd1 11. dxe5 gxf6 12. exd6 Be2 13. Re1 Bc4 14. e5 Be6
15. exf6 Nxf6 16. dxc7 Rc8 17. Na3 Rxc7 18. Nc4 Kf8 19. Rad1 Bxc4 20. Rd8+ Kg7
21. Rd4 Be6 22. Re5 Rh6 23. f4 Rd7 24. Rb4 Nd5 25. Rd4 Rf6 26. Rxh5 Nxf4 27.
Rxd7 Bxd7 28. Rg5+ 0-1

[Event "Ä11Ï"]
[Site "Loo"]
[Date "2017.04.28"]
[Round "9.29"]
[White "Ãàìèäîâà, Ìàðãàðèòà."]
[Black "Ïîíîìàðåâà, Âàðâàðà."]
[Result "0-1"]
[WhiteElo "1134"]
[BlackElo "1118"]
[PlyCount "66"]
[EventDate "2017.04.20"]

1. d4 d5 2. Nf3 Nc6 3. g3 Nf6 4. Bg2 Bf5 5. O-O e6 6. c4 Be7 7. Nc3 dxc4 8. Re1
Bg4 9. e3 Nd5 10. Qd2 Nb6 11. h3 Bxf3 12. Bxf3 O-O 13. Rd1 Nb4 14. Bxb7 Rb8 15.
Bg2 f5 16. Rf1 Rf6 17. Kh2 Rg6 18. f4 Rh6 19. e4 Nd3 20. exf5 exf5 21. Qe3 Qd7
22. Bd5+ Nxd5 23. Nxd5 Re6 24. Qf3 c6 25. Nxe7+ Qxe7 26. b3 Re2+ 27. Kg1 Ne1
28. Qxc6 Rg2+ 29. Kh1 Rxg3 30. Qd5+ Kh8 31. bxc4 Qh4 32. Rf2 Qxh3+ 33. Rh2 Qf1#
0-1

[Event "Ä11Â"]
[Site "Loo"]
[Date "2017.04.28"]
[Round "9.1"]
[White "Ïîëÿòî, Èðèíà."]
[Black "Êîðîâèíà, ßíà."]
[Result "1-0"]
[WhiteElo "1475"]
[BlackElo "1416"]
[PlyCount "117"]
[EventDate "2017.04.20"]

1. d4 Nf6 2. g3 e6 3. c4 d5 4. Bg2 b6 5. Nc3 Bb7 6. Bg5 Be7 7. Bxf6 Bxf6 8.
cxd5 exd5 9. e3 O-O 10. Nge2 c6 11. Nf4 Bc8 12. Nfxd5 Bf5 13. Nxf6+ Qxf6 14.
Qf3 Bd7 15. Qxf6 gxf6 16. O-O Na6 17. a3 Rac8 18. Ne4 Kg7 19. Rfd1 Be6 20. Rac1
Rfd8 21. Nd2 Bd5 22. Bf1 Nb8 23. Rc3 Be6 24. Bc4 Bxc4 25. Rxc4 b5 26. Rc2 Na6
27. Rdc1 c5 28. dxc5 b4 29. Ne4 bxa3 30. bxa3 Rd3 31. a4 Rd5 32. g4 Re5 33. f3
f5 34. gxf5 Rxf5 35. Kf2 Rh5 36. Kg3 Nb4 37. Rc4 Nd3 38. R1c3 Ne5 39. Rd4 Rc6
40. Rd6 Rc7 41. Nf6 Rg5+ 42. Kf4 Rg6 43. Ne8+ Kf8 44. Nxc7 Rxd6 45. cxd6 Nd7
46. Nd5 Kg7 47. Rc7 Nf8 48. Rxa7 Kg6 49. d7 Nxd7 50. Rxd7 Kg7 51. Kg5 h6+ 52.
Kf5 h5 53. a5 h4 54. a6 h3 55. a7 Kg8 56. a8=Q+ Kg7 57. Rxf7+ Kxf7 58. Qa7+ Kg8
59. Kg6 1-0

[Event "Ä11Â"]
[Site "Loo"]
[Date "2017.04.28"]
[Round "9.2"]
[White "Ôåäîðîâà, Îëåñÿ."]
[Black "Êëåéìåíîâà, Âàëåðèÿ."]
[Result "1-0"]
[WhiteElo "1414"]
[BlackElo "1465"]
[PlyCount "97"]
[EventDate "2017.04.20"]

1. e4 c5 2. c3 d5 3. exd5 Qxd5 4. d4 cxd4 5. cxd4 e6 6. Nc3 Qd8 7. Bf4 a6 8. d5
Bb4 9. Qa4+ Nc6 10. dxc6 Bxc3+ 11. bxc3 bxc6 12. Qxc6+ Bd7 13. Qd6 Qa5 14. Qb4
Qd8 15. Nf3 h6 16. Be2 Ne7 17. O-O O-O 18. Ne5 Nd5 19. Qd4 Nxf4 20. Qxf4 Qe8
21. Nxd7 Qxd7 22. Rfd1 Qc8 23. c4 Rb8 24. Rab1 Rxb1 25. Rxb1 Qd8 26. c5 Qc8 27.
Qc4 a5 28. c6 Qc7 29. Qb5 Rc8 30. Bf3 Qd8 31. Rd1 Qe8 32. Qxa5 Ra8 33. Qd2 Rc8
34. Qd7 Qxd7 35. cxd7 Rd8 36. Bc6 Kf8 37. a4 Ke7 38. a5 e5 39. a6 f5 40. a7 e4
41. a8=Q Rxa8 42. Bxa8 Kd8 43. Bc6 g6 44. Rb1 Kc7 45. Rb8 Kxb8 46. d8=Q+ Ka7
47. Qc7+ Ka6 48. Qb7+ Ka5 49. Qb5# 1-0

[Event "Ä11Â"]
[Site "Loo"]
[Date "2017.04.28"]
[Round "9.3"]
[White "Ìèõååâà, Ãàëèíà."]
[Black "Øóõìàí, Àííà."]
[Result "1-0"]
[WhiteElo "1569"]
[BlackElo "1308"]
[PlyCount "102"]
[EventDate "2017.04.20"]

1. e4 c5 2. Nf3 e6 3. c3 Nc6 4. d4 d5 5. e5 Qb6 6. a3 c4 7. Nbd2 Na5 8. h4 Bd7
9. g3 Ne7 10. Bh3 h6 11. Kf1 Nb3 12. Nxb3 Ba4 13. Nfd2 Bxb3 14. Nxb3 cxb3 15.
f4 Qb5+ 16. Kf2 Nf5 17. a4 Qb6 18. a5 Qb5 19. Bf1 Qc6 20. Qxb3 O-O-O 21. Be3
Nxe3 22. Kxe3 Kb8 23. Bd3 Be7 24. Rac1 Qd7 25. a6 g5 26. Bb5 Qc7 27. c4 gxf4+
28. gxf4 dxc4 29. Rxc4 Qb6 30. axb7 Qxb7 31. Ba4 Qxb3+ 32. Bxb3 Rhg8 33. Kf3
Rg7 34. Rh3 Rdg8 35. Rc2 Bxh4 36. Bxe6 Rg3+ 37. Ke4 fxe6 38. Rxh4 R3g6 39. Rch2
Rg2 40. Rxg2 Rxg2 41. Rxh6 Re2+ 42. Kd3 Rf2 43. Ke3 Rxb2 44. Rxe6 Kb7 45. f5 a5
46. f6 Rb1 47. f7 Rf1 48. Rf6 Rxf6 49. exf6 a4 50. f8=Q Kb6 51. Qa3 Kc6 1-0

[Event "Ä11Â"]
[Site "Loo"]
[Date "2017.04.28"]
[Round "9.4"]
[White "Øâåäîâà, Àëåêñàíäðà."]
[Black "Ñâåðãèíà, Ñîôüÿ."]
[Result "1-0"]
[WhiteElo "1522"]
[BlackElo "1228"]
[PlyCount "109"]
[EventDate "2017.04.20"]

1. e4 e5 2. Nf3 Nc6 3. Bc4 Bc5 4. c3 Nf6 5. d4 exd4 6. e5 d5 7. Bb5 Ne4 8. cxd4
Bb6 9. Nc3 O-O 10. Be3 Bg4 11. h3 Bh5 12. Qa4 Nxc3 13. bxc3 f6 14. Bxc6 bxc6
15. exf6 Qxf6 16. Ne5 Be8 17. Qc2 Qe7 18. O-O Bd7 19. Qd2 c5 20. Nxd7 Qxd7 21.
dxc5 Ba5 22. Bd4 h6 23. Qd3 Qf7 24. Qb5 Qg6 25. Qxa5 Rf3 26. Kh2 Rf7 27. Qb5 c6
28. Qe2 Rb8 29. Qe5 Rbf8 30. Qg3 Qxg3+ 31. Kxg3 h5 32. Rfe1 Rf5 33. Re6 Rc8 34.
Re7 Rf7 35. Re5 g6 36. Rae1 Rcf8 37. Re6 g5 38. Rxc6 h4+ 39. Kh2 g4 40. Rg6+
Kh7 41. Rxg4 Rb7 42. Rxh4+ Kg6 43. Rg4+ Kh7 44. Re2 Rd7 45. Re5 Rf6 46. Re8
Rdf7 47. Bxf6 Rxf6 48. Re7+ Kh8 49. Rb4 Rf8 50. c6 a5 51. Rb5 d4 52. cxd4 a4
53. c7 a3 54. Rb8 Rxb8 55. cxb8=Q# 1-0

[Event "Ä11Â"]
[Site "Loo"]
[Date "2017.04.28"]
[Round "9.5"]
[White "Êåêååâà, Ñîôèÿ."]
[Black "Øóáåíêîâà, Âåðîíèêà."]
[Result "0-1"]
[WhiteElo "1328"]
[BlackElo "1515"]
[PlyCount "138"]
[EventDate "2017.04.20"]

1. Nf3 d5 2. g3 c5 3. Bg2 Nc6 4. d4 e6 5. O-O Nf6 6. c4 Be7 7. Bg5 O-O 8. Nc3
dxc4 9. dxc5 Bxc5 10. Qa4 Bd7 11. Qxc4 Be7 12. Rad1 Qc8 13. a3 Rd8 14. Rd2 Na5
15. Qxc8 Raxc8 16. Ne5 Be8 17. Rfd1 Rxd2 18. Rxd2 Bxa3 19. Na2 Be7 20. b4 Nc6
21. Rc2 a6 22. Rc4 h6 23. Bc1 Bd6 24. Nxc6 Bxc6 25. e4 b5 26. Rc2 Bb7 27. Rxc8+
Bxc8 28. Bb2 Nd7 29. f4 e5 30. Bc1 Nb6 31. fxe5 Bxe5 32. Be3 Nc4 33. Bc5 Bb2
34. Kf2 Be6 35. Ke2 Ne5 36. Kd2 Bxa2 37. Kc2 Nc4 38. e5 Bxe5 39. Bb7 a5 40.
bxa5 Nxa5 41. Ba6 Bc4 42. Bb6 Nc6 43. Bb7 Nd4+ 44. Bxd4 Bxd4 45. Be4 b4 46. Kb1
b3 47. h4 b2 48. h5 Kf8 49. Bh7 Ke7 50. Bc2 Ke6 51. g4 Ke5 52. Bf5 Kf4 53. Bc2
Kxg4 54. Bd1+ Kg5 55. Bb3 Bd3+ 56. Bc2 Bxc2+ 57. Kxc2 f5 58. Kb1 f4 59. Ka2 f3
60. Kb1 f2 61. Kc2 b1=Q+ 62. Kxb1 f1=Q+ 63. Kc2 Qe2+ 64. Kb3 Qd3+ 65. Kb4 Qc3+
66. Kb5 Qc5+ 67. Ka4 Qb6 68. Ka3 Bc3 69. Ka2 Qb2# 0-1

[Event "Ä11Â"]
[Site "Loo"]
[Date "2017.04.28"]
[Round "9.6"]
[White "Ëè, Äàðèíà."]
[Black "Ìàéêîâåö, ßíà."]
[Result "0-1"]
[WhiteElo "1310"]
[BlackElo "1401"]
[PlyCount "64"]
[EventDate "2017.04.20"]

1. e4 c5 2. Nf3 d6 3. d4 cxd4 4. Nxd4 Nf6 5. Nc3 a6 6. Be2 e5 7. Nb3 Be6 8. f4
Be7 9. f5 Bd7 10. g4 Bc6 11. Bd3 d5 12. exd5 Nxd5 13. Nxd5 Bh4+ 14. Ke2 Qxd5
15. Rg1 e4 16. Bxa6 Qxd1+ 17. Kxd1 Nxa6 18. g5 Bf2 19. Rf1 e3 20. Nd4 Bg2 21.
Ke2 Bxf1+ 22. Kxf1 O-O-O 23. c3 Rhe8 24. Ke2 Nc7 25. b3 Nd5 26. Bb2 h6 27. gxh6
gxh6 28. a4 Rg8 29. Nf3 Rg2 30. Kf1 Nf4 31. Re1 Rd1 32. Bc1 e2# 0-1

[Event "Ä11Â"]
[Site "Loo"]
[Date "2017.04.28"]
[Round "9.7"]
[White "Èëüèíà, Ìàðãàðèòà."]
[Black "Ìàêîãîí, Åëåíà."]
[Result "0-1"]
[WhiteElo "1226"]
[BlackElo "1374"]
[PlyCount "162"]
[EventDate "2017.04.20"]

1. e4 c5 2. c3 d5 3. e5 Nc6 4. d4 cxd4 5. cxd4 Qb6 6. Nf3 Bg4 7. Be2 e6 8. Qa4
Bxf3 9. Bxf3 Qxd4 10. Qxd4 Nxd4 11. Bd1 Bb4+ 12. Bd2 Bxd2+ 13. Nxd2 Ne7 14. O-O
O-O 15. Rc1 Rac8 16. Bf3 Nxf3+ 17. Nxf3 Nc6 18. a3 Rc7 19. Rc3 Rcc8 20. Rfc1
Ne7 21. Rxc8 Rxc8 22. Rxc8+ Nxc8 23. a4 Nb6 24. b3 Kf8 25. a5 Nd7 26. b4 Nb8
27. Ne1 Nc6 28. Nd3 b6 29. axb6 axb6 30. Kf1 Ke7 31. f4 f6 32. Ke1 fxe5 33.
fxe5 Kf7 34. g4 Nd4 35. Kf2 Kg6 36. h4 Kf7 37. Ke3 Nc6 38. Ke2 Ne7 39. h5 g6
40. Kf3 gxh5 41. gxh5 Nf5 42. Kg4 Kg7 43. Kg5 h6+ 44. Kf4 Kf7 45. Kf3 Ke7 46.
Kf2 Kd7 47. Ke1 Kc6 48. Kd2 d4 49. Nf4 Ng7 50. Kd3 Kb5 51. Kxd4 Kxb4 52. Kd3
Kc5 53. Kc3 b5 54. Kb3 Kd4 55. Ng6 Nxh5 56. Kb4 Ke4 57. Kxb5 Nf4 58. Nh4 Kxe5
59. Kc6 Kf6 60. Kd6 e5 61. Kc5 Ng6 62. Nf3 h5 63. Kd5 Kf5 64. Kc4 h4 65. Kd3 h3
66. Ke3 e4 67. Nd2 h2 68. Nxe4 Kg4 69. Ke2 Nf4+ 70. Ke3 Nh3 71. Nf6+ Kh4 72.
Ne4 h1=Q 73. Nf2 Qe1+ 74. Kd4 Nxf2 75. Kd5 Qe4+ 76. Kc5 Qd3 77. Kc6 Ne4 78. Kb6
Qc4 79. Ka5 Qb3 80. Ka6 Nd6 81. Ka5 Qb5# 0-1